• 首页
  • 本馆介绍
  • 公告通知
  • 最新文献
  • 馆藏检索
  • 电子资源
  • 读者导购
  • 参考咨询
  • 我的图书馆
  • 登录
  • 详细信息显示
  • 放入我的书架
  • 预约/预借图书
  • 作者相关作品
  • 分类相关作品
  • 丛书相关作品
  • 出版社相关作品

书目信息

  • 表格格式
  • 工作单格式
  • 卡片格式
题名:
跨文化沟通心理学
    
 
作者: 彭凯平 , 王伊兰 著
分册:  
出版信息: 北京   北京师范大学出版社  2009
页数: 256页
开本: 23cm
丛书名:
单 册:
中图分类: G05
科图分类:
主题词: 文化交流--wen hua jiao liu--心理学
电子资源:
ISBN: 978-7-303-09981-8
000 01030nam0 22002531 450
001 1754465574
005 20170516112211.0
010    @a978-7-303-09981-8@dCNY28.00
100    @a20091031d2009 em y0chiy50 ea
101 0  @achi
102    @aCN@b110000
105    @aa z 000yy
106    @ar
200 1  @a跨文化沟通心理学@9kua wen hua gou tong xin li xue@dPsychology of gross-cultural gommunication@f彭凯平,王伊兰著@zeng
210    @a北京@c北京师范大学出版社@d2009
215    @a256页@c图@d23cm
330    @a本书从心理学研究出发,细述跨文化沟通的语言障碍、风格障碍、认同感障碍、文化心理障碍的心理学基础,并阐述如何理解他人、影响他人、说服他人,学会沟通中的对话艺术,掌握非语言沟通的技巧,以及跨文化沟通中的冲突解决和谈判的艺术等内容。
510 1  @aPsychology of gross-cultural gommunication@zeng
606 0  @a文化交流@9wen hua jiao liu@x心理学
690    @aG05@v4
701  0 @a彭凯平@9peng kai ping@f(1962~)@4著
701  0 @a王伊兰@9wang yi lan@4著
801  0 @aCN@b百万庄@c20170512
905    @b1004994-9@dG05@e106@f6
    
    跨文化沟通心理学=Psychology of gross-cultural gommunication/彭凯平,王伊兰著.-北京:北京师范大学出版社,2009
    256页:图;23cm
    
    
    ISBN 978-7-303-09981-8:CNY28.00
    本书从心理学研究出发,细述跨文化沟通的语言障碍、风格障碍、认同感障碍、文化心理障碍的心理学基础,并阐述如何理解他人、影响他人、说服他人,学会沟通中的对话艺术,掌握非语言沟通的技巧,以及跨文化沟通中的冲突解决和谈判的艺术等内容。
●
相关链接 在E读中查询图书 在五车中查询图书 在当当中查询图书 在豆瓣中查询图书


正题名:跨文化沟通心理学     索取号:G05/106         预约/预借

序号 登录号 条形码 馆藏地/架位号 状态 备注
1 1004994   210049945   第一样本阅览室/ [索取号:G05/106] 在馆    
2 1004995   210049954   教育系资料室/ [索取号:G05/106] 在馆    
3 1004996   210049963   教育系资料室/ [索取号:G05/106] 在馆    
4 1004997   210049972   教育系资料室/ [索取号:G05/106] 在馆    
5 1004998   210049981   第四借阅区/ [索取号:G05/106] 在馆    
6 1004999   210049990   第四借阅区/ [索取号:G05/106] 在馆    
唐山师范学院图书馆 欢迎您!
大连网信软件有限公司© 版权所有